| 000 | 00638nam a22002297a 4500 | ||
|---|---|---|---|
| 005 | 20221220100832.0 | ||
| 008 | 221220b ||||| |||| 00| 0 eng d | ||
| 040 | _cAL | ||
| 041 | _aEnglish | ||
| 082 |
_223 _a954.042 _bSUNM |
||
| 100 |
_aB Shyam Sunder _966840 |
||
| 245 | _aMenace of the Dragon | ||
| 260 |
_aHyderabad _bSamaanlara Book House _c2009 |
||
| 300 |
_axxi,92 p. _bPB _c21.5x13.8 cm. |
||
| 365 |
_b₹75.00 _c₹ _d₹75.00 |
||
| 650 |
_aChina _966841 |
||
| 650 |
_aIndia _966842 |
||
| 650 |
_aMilitary relations _966843 |
||
| 650 |
_aIndo China War 1962 _966844 |
||
| 700 |
_aSUNDER (Shyam B) _966845 |
||
| 942 |
_2ddc _cDB |
||
| 999 |
_c225941 _d225941 |
||